[Event "DEM U10w 2023"]
[Site "Willingen GER"]
[Date "2023.05.30"]
[Round "5"]
[White "Rhein, Linnea"]
[Black "Greither, Flora"]
[Result "0-1"]
[Termination "normal"]
[Board "14"]
[WhiteElo "849"]
[BlackElo "978"]
[WhiteClock "00:34:11"]
[BlackClock "00:45:38"]
[PlyCount "122"]
[WhiteFideId "34649018"]
[BlackFideId "533000697"]
[EventCountry "GER"]
[EventRounds "11"]
[EventType "swiss"]
[EventDate "2023.05.27"]

1. d4 {[%clk 01:15:59]} {[%emt 00:00:01]} d5 {[%clk 01:15:56]} {[%emt
00:00:04]} 2. Bf4 {[%clk 01:16:18]} {[%emt 00:00:11]} Bf5 {[%clk 01:16:19]}
{[%emt 00:00:06]} 3. e3 {[%clk 01:16:16]} {[%emt 00:00:32]} e6 {[%clk
01:16:20]} {[%emt 00:00:29]} 4. Nd2 {[%clk 01:15:50]} {[%emt 00:00:56]} Nf6
{[%clk 01:16:19]} {[%emt 00:00:32]} 5. Ngf3 {[%clk 01:16:00]} {[%emt 00:00:20]}
Bb4 {[%clk 01:16:27]} {[%emt 00:00:22]} 6. c3 {[%clk 01:16:15]} {[%emt
00:00:15]} Ba5 {[%clk 01:16:42]} {[%emt 00:00:16]} 7. Ne5 {[%clk 01:16:23]}
{[%emt 00:00:21]} c6 {[%clk 01:16:18]} {[%emt 00:00:53]} 8. Be2 {[%clk
01:16:27]} {[%emt 00:00:26]} Nbd7 {[%clk 01:16:21]} {[%emt 00:00:27]} 9. O-O
{[%clk 01:16:15]} {[%emt 00:00:43]} Nxe5 {[%clk 01:16:02]} {[%emt 00:00:48]}
10. Bxe5 {[%clk 01:16:29]} {[%emt 00:00:16]} O-O {[%clk 01:16:15]} {[%emt
00:00:17]} 11. Nf3 {[%clk 01:14:40]} {[%emt 00:02:19]} Bg4 {[%clk 01:15:04]}
{[%emt 00:01:41]} 12. Bd3 {[%clk 01:11:33]} {[%emt 00:03:37]} Bc7 {[%clk
01:13:58]} {[%emt 00:01:29]} 13. Bxc7 {[%clk 01:11:11]} {[%emt 00:00:58]} Qxc7
{[%clk 01:14:20]} {[%emt 00:00:09]} 14. h3 {[%clk 01:11:25]} {[%emt 00:00:16]}
Bh5 {[%clk 01:14:39]} {[%emt 00:00:10]} 15. Be2 {[%clk 01:08:04]} {[%emt
00:03:52]} h6 {[%clk 01:13:22]} {[%emt 00:01:47]} 16. Qd2 {[%clk 01:07:11]}
{[%emt 00:01:22]} Ne4 {[%clk 01:12:58]} {[%emt 00:00:54]} 17. Qc2 {[%clk
01:07:13]} {[%emt 00:00:29]} Bg6 {[%clk 01:12:47]} {[%emt 00:00:41]} 18. Bd3
{[%clk 01:07:20]} {[%emt 00:00:23]} Qd8 {[%clk 01:11:18]} {[%emt 00:01:56]} 19.
Ne5 {[%clk 01:06:51]} {[%emt 00:00:59]} Bf5 {[%clk 01:09:43]} {[%emt 00:02:06]}
20. c4 {[%clk 00:53:41]} {[%emt 00:13:41]} Qe7 {[%clk 01:07:11]} {[%emt
00:02:45]} 21. c5 {[%clk 00:47:45]} {[%emt 00:06:43]} Qg5 {[%clk 01:05:08]}
{[%emt 00:02:16]} 22. f4 {[%clk 00:47:23]} {[%emt 00:01:09]} Qe7 {[%clk
01:03:42]} {[%emt 00:01:54]} 23. Bxe4 {[%clk 00:46:28]} {[%emt 00:01:27]} Bxe4
{[%clk 01:03:02]} {[%emt 00:01:06]} 24. Qf2 {[%clk 00:43:32]} {[%emt 00:03:29]}
f6 {[%clk 01:02:49]} {[%emt 00:00:41]} 25. Qh4 {[%clk 00:43:08]} {[%emt
00:00:56]} Rae8 {[%clk 01:00:41]} {[%emt 00:02:37]} 26. Nf3 {[%clk 00:42:17]}
{[%emt 00:01:23]} Qf7 {[%clk 00:58:45]} {[%emt 00:02:19]} 27. Qg3 {[%clk
00:40:49]} {[%emt 00:02:04]} Bd3 {[%clk 00:56:16]} {[%emt 00:02:53]} 28. Rfd1
{[%clk 00:41:07]} {[%emt 00:00:18]} Be2 {[%clk 00:56:00]} {[%emt 00:00:44]} 29.
Re1 {[%clk 00:41:15]} {[%emt 00:00:23]} Bd3 {[%clk 00:56:04]} {[%emt 00:00:23]}
30. Nh4 {[%clk 00:40:58]} {[%emt 00:00:48]} Qd7 {[%clk 00:52:15]} {[%emt
00:04:12]} 31. Red1 {[%clk 00:40:10]} {[%emt 00:01:27]} Be2 {[%clk 00:51:45]}
{[%emt 00:00:58]} 32. Rd2 {[%clk 00:40:23]} {[%emt 00:00:20]} Bh5 {[%clk
00:50:51]} {[%emt 00:01:22]} 33. Rf2 {[%clk 00:39:44]} {[%emt 00:01:10]} Rf7
{[%clk 00:49:41]} {[%emt 00:01:41]} 34. f5 {[%clk 00:39:39]} {[%emt 00:00:36]}
Ref8 {[%clk 00:48:00]} {[%emt 00:02:10]} 35. fxe6 {[%clk 00:39:35]} {[%emt
00:00:35]} Qxe6 {[%clk 00:48:05]} {[%emt 00:00:24]} 36. Rf5 {[%clk 00:39:26]}
{[%emt 00:00:39]} Be2 {[%clk 00:47:06]} {[%emt 00:01:29]} 37. Re1 {[%clk
00:39:19]} {[%emt 00:00:37]} Bd3 {[%clk 00:47:17]} {[%emt 00:00:18]} 38. Rf4
{[%clk 00:39:17]} {[%emt 00:00:34]} f5 {[%clk 00:47:21]} {[%emt 00:00:25]} 39.
Rd1 {[%clk 00:39:08]} {[%emt 00:00:39]} Be4 {[%clk 00:47:15]} {[%emt 00:00:35]}
40. Ng6 {[%clk 00:38:55]} {[%emt 00:00:43]} Re8 {[%clk 00:46:57]} {[%emt
00:00:48]} 41. Ne5 {[%clk 00:38:36]} {[%emt 00:00:50]} Bc2 {[%clk 00:46:07]}
{[%emt 00:01:18]} 42. Rd2 {[%clk 00:38:47]} {[%emt 00:00:22]} Be4 {[%clk
00:46:18]} {[%emt 00:00:19]} 43. Nxf7 {[%clk 00:39:02]} {[%emt 00:00:16]} Qxf7
{[%clk 00:46:29]} {[%emt 00:00:18]} 44. Rdf2 {[%clk 00:37:09]} {[%emt
00:02:22]} Rf8 {[%clk 00:46:25]} {[%emt 00:00:33]} 45. b4 {[%clk 00:35:38]}
{[%emt 00:02:02]} b5 {[%clk 00:46:46]} {[%emt 00:00:09]} 46. Rf1 {[%clk
00:35:11]} {[%emt 00:00:57]} a6 {[%clk 00:46:46]} {[%emt 00:00:31]} 47. Ra1
{[%clk 00:35:18]} {[%emt 00:00:22]} Ra8 {[%clk 00:46:33]} {[%emt 00:00:43]} 48.
a4 {[%clk 00:35:30]} {[%emt 00:00:18]} Qb7 {[%clk 00:45:29]} {[%emt 00:01:25]}
49. axb5 {[%clk 00:35:32]} {[%emt 00:00:37]} Qxb5 {[%clk 00:45:46]} {[%emt
00:00:12]} 50. Qg6 {[%clk 00:35:25]} {[%emt 00:00:38]} Rf8 {[%clk 00:45:37]}
{[%emt 00:00:38]} 51. Qe6+ {[%clk 00:35:36]} {[%emt 00:00:20]} Rf7 {[%clk
00:45:19]} {[%emt 00:00:48]} 52. Qe8+ {[%clk 00:35:45]} {[%emt 00:00:19]} Rf8
{[%clk 00:45:35]} {[%emt 00:00:15]} 53. Qg6 {[%clk 00:35:52]} {[%emt 00:00:22]}
Qd3 {[%clk 00:45:16]} {[%emt 00:00:47]} 54. Qxc6 {[%clk 00:35:40]} {[%emt
00:00:45]} Qxe3+ {[%clk 00:45:28]} {[%emt 00:00:18]} 55. Rf2 {[%clk 00:35:57]}
{[%emt 00:00:13]} Qxd4 {[%clk 00:45:21]} {[%emt 00:00:36]} 56. Qe6+ {[%clk
00:36:07]} {[%emt 00:00:22]} Rf7 {[%clk 00:45:05]} {[%emt 00:00:47]} 57. c6
{[%clk 00:36:25]} {[%emt 00:00:12]} Qxa1+ {[%clk 00:45:14]} {[%emt 00:00:21]}
58. Rf1 {[%clk 00:36:40]} {[%emt 00:00:15]} Qd4+ {[%clk 00:45:35]} {[%emt
00:00:08]} 59. Kh2 {[%clk 00:36:34]} {[%emt 00:00:35]} Qd2 {[%clk 00:45:38]}
{[%emt 00:00:29]} 60. Rg1 {[%clk 00:36:32]} {[%emt 00:00:31]} Qc2 {[%clk
00:45:19]} {[%emt 00:00:50]} 61. Rd1 {[%clk 00:34:11]} {[%emt 00:02:52]} Qxg2#
{[%clk 00:45:38]} {[%emt 00:00:10]} 0-1

[Event "DEM U10w 2023"]
[Site "Willingen GER"]
[Date "2023.05.30"]
[Round "5"]
[White "Buntin, Amelia Bernadette"]
[Black "Döscher, Nayla"]
[Result "0-1"]
[Termination "normal"]
[Board "15"]
[WhiteElo "737"]
[BlackElo "1111"]
[WhiteClock "01:00:19"]
[BlackClock "00:49:17"]
[PlyCount "66"]
[WhiteFideId "34649581"]
[BlackFideId "34625046"]
[EventCountry "GER"]
[EventRounds "11"]
[EventType "swiss"]
[EventDate "2023.05.27"]

1. e4 {[%clk 01:15:55]} {[%emt 00:00:04]} e5 {[%clk 01:15:54]} {[%emt
00:00:06]} 2. Nf3 {[%clk 01:16:16]} {[%emt 00:00:09]} Nc6 {[%clk 01:16:16]}
{[%emt 00:00:08]} 3. Bc4 {[%clk 01:16:35]} {[%emt 00:00:12]} h6 {[%clk
01:16:34]} {[%emt 00:00:11]} 4. d3 {[%clk 01:16:55]} {[%emt 00:00:10]} Nf6
{[%clk 01:16:24]} {[%emt 00:00:41]} 5. Nc3 {[%clk 01:16:55]} {[%emt 00:00:30]}
Bb4 {[%clk 01:13:51]} {[%emt 00:03:03]} 6. Bd2 {[%clk 01:13:24]} {[%emt
00:04:01]} d6 {[%clk 01:07:49]} {[%emt 00:06:32]} 7. Qe2 {[%clk 01:11:12]}
{[%emt 00:02:43]} Bg4 {[%clk 01:07:28]} {[%emt 00:00:50]} 8. h3 {[%clk
01:11:28]} {[%emt 00:00:14]} Bh5 {[%clk 01:07:36]} {[%emt 00:00:22]} 9. Nd5
{[%clk 01:09:10]} {[%emt 00:02:48]} Bxd2+ {[%clk 01:04:57]} {[%emt 00:03:08]}
10. Qxd2 {[%emt 00:04:42]} O-O {[%clk 01:01:47]} {[%emt 00:02:19]} 11. O-O-O
{[%clk 01:06:40]} {[%emt 00:00:11]} a6 {[%clk 01:00:27]} {[%emt 00:01:50]} 12.
Nxf6+ {[%clk 01:06:47]} {[%emt 00:00:22]} Qxf6 {[%clk 01:00:26]} {[%emt
00:00:30]} 13. g4 {[%clk 01:07:04]} {[%emt 00:00:13]} Bg6 {[%clk 00:59:58]}
{[%emt 00:00:58]} 14. Qe3 {[%clk 01:06:16]} {[%emt 00:01:17]} Nd4 {[%clk
00:58:31]} {[%emt 00:01:58]} 15. g5 {[%clk 01:05:35]} {[%emt 00:01:12]} Qxf3
{[%clk 00:54:16]} {[%emt 00:04:44]} 16. Rdg1 {[%clk 01:04:33]} {[%emt
00:01:32]} Qe2 {[%clk 00:53:49]} {[%emt 00:00:56]} 17. Qd2 {[%clk 01:04:00]}
{[%emt 00:01:04]} Qxd2+ {[%clk 00:53:50]} {[%emt 00:00:29]} 18. Kxd2 {[%clk
01:04:05]} {[%emt 00:00:25]} Nf3+ {[%clk 00:54:07]} {[%emt 00:00:13]} 19. Kc1
{[%clk 01:03:52]} {[%emt 00:00:42]} Nxg1 {[%clk 00:54:27]} {[%emt 00:00:10]}
20. Rxg1 {[%clk 01:04:09]} {[%emt 00:00:12]} hxg5 {[%clk 00:54:13]} {[%emt
00:00:45]} 21. Rxg5 {[%clk 01:04:26]} {[%emt 00:00:13]} Kh7 {[%clk 00:53:58]}
{[%emt 00:00:45]} 22. h4 {[%clk 01:04:19]} {[%emt 00:00:36]} f6 {[%clk
00:53:50]} {[%emt 00:00:39]} 23. Rg4 {[%clk 01:04:19]} {[%emt 00:00:30]} Bh5
{[%clk 00:52:13]} {[%emt 00:02:06]} 24. Rg3 {[%clk 01:04:32]} {[%emt 00:00:16]}
g5 {[%clk 00:51:20]} {[%emt 00:01:24]} 25. hxg5 {[%clk 01:04:35]} {[%emt
00:00:26]} fxg5 {[%clk 00:51:37]} {[%emt 00:00:14]} 26. Rxg5 {[%emt 00:02:09]}
Kh6 {[%clk 00:51:34]} {[%emt 00:00:30]} 27. Rg2 {[%clk 01:02:41]} {[%emt
00:00:44]} Rf6 {[%clk 00:50:53]} {[%emt 00:01:14]} 28. Bd5 {[%emt 00:00:38]} c6
{[%emt 00:00:24]} 29. Bb3 {[%clk 01:01:40]} {[%emt 00:00:29]} Raf8 {[%clk
00:50:08]} {[%emt 00:01:16]} 30. Kb1 {[%clk 01:00:06]} {[%emt 00:02:04]} Rxf2
{[%clk 00:50:17]} {[%emt 00:00:21]} 31. Rxf2 {[%clk 01:00:19]} {[%emt
00:00:13]} Rxf2 {[%clk 00:50:42]} {[%emt 00:00:09]} 32. a3 {[%clk 01:00:25]}
{[%emt 00:00:25]} Bd1 {[%clk 00:50:36]} {[%emt 00:00:35]} 33. Kc1 {[%clk
01:00:19]} {[%emt 00:00:37]} Bg4 {[%clk 00:49:17]} {[%emt 00:01:49]} 0-1

[Event "DEM U10w 2023"]
[Site "Willingen GER"]
[Date "2023.05.30"]
[Round "5"]
[White "Bräutigam, Viktoria"]
[Black "Bharathula, Akhila"]
[Result "0-1"]
[Termination "normal"]
[Board "18"]
[WhiteElo "770"]
[BlackElo "1117"]
[WhiteClock "00:47:14"]
[BlackClock "01:19:35"]
[PlyCount "110"]
[WhiteFideId "34638652"]
[BlackFideId "34641777"]
[EventCountry "GER"]
[EventRounds "11"]
[EventType "swiss"]
[EventDate "2023.05.27"]

1. e4 {[%clk 01:15:58]} {[%emt 00:00:03]} e5 {[%clk 01:15:55]} {[%emt
00:00:04]} 2. Nf3 {[%clk 01:16:21]} {[%emt 00:00:07]} Nc6 {[%clk 01:16:18]}
{[%emt 00:00:07]} 3. Bc4 {[%clk 01:16:22]} {[%emt 00:00:28]} Bc5 {[%clk
01:16:37]} {[%emt 00:00:12]} 4. d3 {[%clk 01:16:21]} {[%emt 00:00:31]} h6
{[%clk 01:16:46]} {[%emt 00:00:21]} 5. c3 {[%clk 01:15:53]} {[%emt 00:00:58]}
d6 {[%clk 01:16:43]} {[%emt 00:00:33]} 6. d4 {[%clk 01:14:16]} {[%emt
00:02:08]} exd4 {[%clk 01:16:17]} {[%emt 00:00:56]} 7. cxd4 {[%clk 01:10:29]}
{[%emt 00:04:12]} Bb4+ {[%clk 01:16:23]} {[%emt 00:00:29]} 8. Nbd2 {[%clk
01:09:41]} {[%emt 00:01:17]} Bg4 {[%clk 01:16:06]} {[%emt 00:00:48]} 9. O-O
{[%clk 01:08:45]} {[%emt 00:01:26]} Nxd4 {[%clk 01:15:08]} {[%emt 00:01:28]}
10. a3 {[%clk 01:08:43]} {[%emt 00:00:32]} Bxd2 {[%clk 01:15:19]} {[%emt
00:00:19]} 11. Qxd2 {[%clk 01:06:36]} {[%emt 00:02:33]} Bxf3 {[%clk 01:14:41]}
{[%emt 00:01:12]} 12. Qxd4 {[%clk 01:06:26]} {[%emt 00:00:39]} Bh5 {[%clk
01:13:17]} {[%emt 00:01:55]} 13. Qxg7 {[%clk 01:05:28]} {[%emt 00:01:25]} Qf6
{[%clk 01:13:26]} {[%emt 00:00:24]} 14. Qxf6 {[%clk 01:05:05]} {[%emt
00:00:51]} Nxf6 {[%clk 01:13:49]} {[%emt 00:00:09]} 15. Bd2 {[%clk 01:04:27]}
{[%emt 00:01:07]} Rg8 {[%clk 01:13:12]} {[%emt 00:01:08]} 16. g3 {[%clk
01:03:49]} {[%emt 00:01:07]} O-O-O {[%clk 01:13:10]} {[%emt 00:00:33]} 17. Be3
{[%clk 01:03:08]} {[%emt 00:01:10]} Nxe4 {[%clk 01:13:08]} {[%emt 00:00:32]}
18. Bxa7 {[%clk 01:03:05]} {[%emt 00:00:31]} b6 {[%clk 01:13:23]} {[%emt
00:00:17]} 19. a4 {[%clk 01:02:49]} {[%emt 00:00:46]} Kb7 {[%clk 01:13:45]}
{[%emt 00:00:08]} 20. Bd3 {[%clk 01:02:26]} {[%emt 00:00:52]} Nc5 {[%clk
01:13:40]} {[%emt 00:00:35]} 21. Bh7 {[%clk 01:01:33]} {[%emt 00:01:22]} Rg7
{[%clk 01:13:56]} {[%emt 00:00:15]} 22. b4 {[%clk 01:01:30]} {[%emt 00:00:34]}
Kxa7 {[%clk 01:14:01]} {[%emt 00:00:25]} 23. Bc2 {[%clk 01:01:13]} {[%emt
00:00:46]} Nb7 {[%clk 01:13:22]} {[%emt 00:01:10]} 24. Rfb1 {[%clk 01:00:27]}
{[%emt 00:01:15]} Bg6 {[%clk 01:13:07]} {[%emt 00:00:45]} 25. Bxg6 {[%clk
01:00:39]} {[%emt 00:00:17]} fxg6 {[%clk 01:13:22]} {[%emt 00:00:16]} 26. a5
{[%clk 01:00:35]} {[%emt 00:00:34]} b5 {[%clk 01:13:39]} {[%emt 00:00:14]} 27.
Rc1 {[%clk 00:59:45]} {[%emt 00:01:19]} Re8 {[%clk 01:13:46]} {[%emt 00:00:24]}
28. Rc6 {[%clk 00:59:19]} {[%emt 00:00:55]} Nd8 {[%clk 01:14:03]} {[%emt
00:00:13]} 29. Rc3 {[%emt 00:01:09]} c6 {[%emt 00:00:42]} 30. a6 {[%clk
00:56:59]} {[%emt 00:00:59]} Ka8 {[%clk 01:13:45]} {[%emt 00:00:49]} 31. Rca3
{[%clk 00:56:05]} {[%emt 00:01:24]} Ra7 {[%clk 01:13:53]} {[%emt 00:00:22]} 32.
f4 {[%clk 00:54:35]} {[%emt 00:01:59]} Re4 {[%clk 01:14:01]} {[%emt 00:00:22]}
33. Kf2 {[%clk 00:54:34]} {[%emt 00:00:30]} Rxb4 {[%clk 01:14:25]} {[%emt
00:00:07]} 34. Kg2 {[%clk 00:54:17]} {[%emt 00:00:46]} Rb2+ {[%clk 01:14:47]}
{[%emt 00:00:09]} 35. Kh3 {[%clk 00:53:58]} {[%emt 00:00:48]} c5 {[%clk
01:14:59]} {[%emt 00:00:18]} 36. g4 {[%clk 00:53:58]} {[%emt 00:00:30]} b4
{[%clk 01:15:12]} {[%emt 00:00:18]} 37. Rf3 {[%clk 00:53:46]} {[%emt 00:00:41]}
c4 {[%clk 01:15:15]} {[%emt 00:00:28]} 38. f5 {[%clk 00:53:53]} {[%emt
00:00:22]} gxf5 {[%clk 01:15:33]} {[%emt 00:00:11]} 39. gxf5 {[%clk 00:54:07]}
{[%emt 00:00:16]} Rb3 {[%clk 01:15:44]} {[%emt 00:00:17]} 40. Raf1 {[%clk
00:53:15]} {[%emt 00:01:25]} Rxf3+ {[%clk 01:16:03]} {[%emt 00:00:11]} 41. Rxf3
{[%clk 00:53:27]} {[%emt 00:00:17]} Rf7 {[%clk 01:16:13]} {[%emt 00:00:21]} 42.
Kg4 {[%clk 00:51:53]} {[%emt 00:02:03]} b3 {[%clk 01:16:33]} {[%emt 00:00:12]}
43. f6 {[%clk 00:51:08]} {[%emt 00:01:15]} b2 {[%clk 01:16:53]} {[%emt
00:00:10]} 44. Rf1 {[%clk 00:50:52]} {[%emt 00:00:44]} c3 {[%clk 01:17:18]}
{[%emt 00:00:06]} 45. Kf5 {[%clk 00:49:05]} {[%emt 00:02:17]} c2 {[%clk
01:17:41]} {[%emt 00:00:08]} 46. h4 {[%clk 00:48:18]} {[%emt 00:01:16]} b1=Q
{[%clk 01:18:01]} {[%emt 00:00:11]} 47. Rxb1 {[%emt 00:00:28]} cxb1=Q+ {[%emt
00:00:06]} 48. Kf4 {[%clk 00:47:24]} {[%emt 00:00:46]} Rxf6+ {[%clk 01:18:28]}
{[%emt 00:00:07]} 49. Ke3 {[%clk 00:47:27]} {[%emt 00:00:25]} Qe1+ {[%clk
01:18:46]} {[%emt 00:00:14]} 50. Kd4 {[%clk 00:47:43]} {[%emt 00:00:12]} Qd2+
{[%clk 01:18:58]} {[%emt 00:00:19]} 51. Ke4 {[%clk 00:47:58]} {[%emt 00:00:14]}
Re6+ {[%clk 01:19:23]} {[%emt 00:00:06]} 52. Kf3 {[%clk 00:47:29]} {[%emt
00:00:57]} Qe3+ {[%clk 01:19:36]} {[%emt 00:00:19]} 53. Kg4 {[%clk 00:47:40]}
{[%emt 00:00:19]} Rg6+ {[%clk 01:19:39]} {[%emt 00:00:27]} 54. Kf5 {[%clk
00:47:35]} {[%emt 00:00:34]} Qd3+ {[%clk 01:19:41]} {[%emt 00:00:28]} 55. Kf4
{[%clk 00:47:14]} {[%emt 00:00:51]} Ne6# {[%clk 01:19:35]} {[%emt 00:00:06]}
0-1

[Event "DEM U10w 2023"]
[Site "Willingen GER"]
[Date "2023.05.30"]
[Round "5"]
[White "Zietz, Leni"]
[Black "Eßers, Mathilda Marie"]
[Result "1-0"]
[Termination "normal"]
[Board "21"]
[WhiteElo "893"]
[BlackElo "755"]
[WhiteClock "01:03:24"]
[BlackClock "01:14:09"]
[PlyCount "45"]
[BlackFideId "34684093"]
[EventCountry "GER"]
[EventRounds "11"]
[EventType "swiss"]
[EventDate "2023.05.27"]

1. d4 {[%clk 01:15:56]} {[%emt 00:00:04]} Nf6 {[%clk 01:15:54]} {[%emt
00:00:06]} 2. Nf3 {[%clk 01:15:47]} {[%emt 00:00:39]} c5 {[%clk 01:16:15]}
{[%emt 00:00:09]} 3. Bf4 {[%clk 01:15:06]} {[%emt 00:01:11]} cxd4 {[%clk
01:16:35]} {[%emt 00:00:08]} 4. Nxd4 {[%clk 01:15:20]} {[%emt 00:00:17]} e5
{[%clk 01:16:57]} {[%emt 00:00:08]} 5. Bxe5 {[%clk 01:15:23]} {[%emt 00:00:26]}
Qa5+ {[%clk 01:17:06]} {[%emt 00:00:15]} 6. Nc3 {[%clk 01:13:50]} {[%emt
00:02:10]} Qxe5 {[%clk 01:17:24]} {[%emt 00:00:10]} 7. e3 {[%clk 01:12:28]}
{[%emt 00:01:54]} Nc6 {[%emt 00:03:34]} 8. Nf3 {[%clk 01:09:45]} {[%emt
00:02:09]} a6 {[%clk 01:14:50]} {[%emt 00:01:02]} 9. Nxe5 {[%clk 01:09:58]}
{[%emt 00:00:18]} Nxe5 {[%clk 01:15:09]} {[%emt 00:00:11]} 10. e4 {[%clk
01:09:56]} {[%emt 00:00:32]} d6 {[%clk 01:15:02]} {[%emt 00:00:37]} 11. Nd5
{[%clk 01:10:07]} {[%emt 00:00:20]} Nxd5 {[%clk 01:14:47]} {[%emt 00:00:21]}
12. exd5 {[%clk 01:09:38]} {[%emt 00:01:22]} Be7 {[%clk 01:13:16]} {[%emt
00:02:01]} 13. Bd3 {[%clk 01:09:45]} {[%emt 00:00:24]} Nxd3+ {[%clk 01:13:29]}
{[%emt 00:00:15]} 14. Qxd3 {[%clk 01:09:43]} {[%emt 00:00:33]} O-O {[%clk
01:13:45]} {[%emt 00:00:14]} 15. O-O {[%clk 01:09:34]} {[%emt 00:00:39]} Bd7
{[%clk 01:14:01]} {[%emt 00:00:13]} 16. Rfe1 {[%clk 01:09:17]} {[%emt
00:00:49]} Bb5 {[%clk 01:13:55]} {[%emt 00:00:35]} 17. c4 {[%clk 01:08:56]}
{[%emt 00:00:52]} Bd7 {[%clk 01:14:03]} {[%emt 00:00:22]} 18. Rxe7 {[%clk
01:08:25]} {[%emt 00:01:01]} Rfd8 {[%clk 01:14:15]} {[%emt 00:00:17]} 19. Rae1
{[%clk 01:07:42]} {[%emt 00:01:13]} h6 {[%clk 01:14:27]} {[%emt 00:00:18]} 20.
h3 {[%clk 01:06:46]} {[%emt 00:01:26]} b5 {[%clk 01:14:31]} {[%emt 00:00:27]}
21. Qf3 {[%clk 01:03:25]} {[%emt 00:03:51]} bxc4 {[%clk 01:13:59]} {[%emt
00:00:59]} 22. Qxf7+ {[%clk 01:03:17]} {[%emt 00:00:41]} Kh8 {[%clk 01:14:09]}
{[%emt 00:00:17]} 23. Qxg7# {[%clk 01:03:24]} {[%emt 00:00:25]} 1-0